Eastern Utah Libraries Catalog: Duchesne, Heber, Roosevelt, & Vernal

The Sarah, plain & tall collection (Record no. 291285)

MARC details
000 -LEADER
fixed length control field 03862cgm a2200685M 4500
001 - CONTROL NUMBER
control field ocn948655471
003 - CONTROL NUMBER IDENTIFIER
control field OCoLC
005 - DATE AND TIME OF LATEST TRANSACTION
control field 20200320195807.0
007 - PHYSICAL DESCRIPTION FIXED FIELD--GENERAL INFORMATION
fixed length control field vd cvaizq
008 - FIXED-LENGTH DATA ELEMENTS--GENERAL INFORMATION
fixed length control field 100730r20021990xxu295 g vleng d
020 ## - INTERNATIONAL STANDARD BOOK NUMBER
Terms of availability 15.95
024 1# - OTHER STANDARD IDENTIFIER
Standard number or code 015012752502
028 00 - PUBLISHER NUMBER
Publisher number 2995DVD1199
Source Hallmark Hall of Fame Productions
035 ## - SYSTEM CONTROL NUMBER
System control number (OCoLC)948655471
040 ## - CATALOGING SOURCE
Original cataloging agency XOL
Language of cataloging eng
Transcribing agency XOL
Modifying agency OCLCO
-- OCLCF
-- WACOL
049 ## - LOCAL HOLDINGS (OCLC)
Holding library WACL
092 ## - LOCALLY ASSIGNED DEWEY CALL NUMBER (OCLC)
Classification number DVD
Item number Sar
245 04 - TITLE STATEMENT
Title The Sarah, plain & tall collection
Medium [dvd/videorecording] /
Statement of responsibility, etc [presented by] Hallmark Hall of Fame. Directors of photography, Micheal Fash ("Sarah Plain and Tall," Skylark"), Ralf Bode ("Sarah Plain and Tall: Winter's End") ; edited by John Wright ("Sarah Plain and Tall"), Michael Brown ("Skylark"), David Simmons ("Sarah Plain and Tall: Winter's End") ; music by David Shire.
246 3# - VARYING FORM OF TITLE
Title proper/short title Sarah, plain and tall collection
250 ## - EDITION STATEMENT
Edition statement Gold Crown collector's ed.
260 ## - PUBLICATION, DISTRIBUTION, ETC. (IMPRINT)
Place of publication, distribution, etc [United States] :
Name of publisher, distributor, etc Hallmark Hall of Fame Productions,
Date of publication, distribution, etc 2002, c1990.
300 ## - PHYSICAL DESCRIPTION
Extent 3 videodiscs (295 min.) :
Other physical details sd., col. ;
Dimensions 4 3/4 in.
500 ## - GENERAL NOTE
General note Based on the book "Sarah Plain and Tall" by Patricia MacLachlan.
500 ## - GENERAL NOTE
General note Originally produced for television in 1990 ("Sarah Plain and Tall"), 1992 ("Skylark") and 1999 ("Sarah Plain and Tall: Winter's End").
511 0# - PARTICIPANT OR PERFORMER NOTE
Participant or performer note "Sarah Plain and Tall," "Skylark:" Glenn Close, Christopher Walken, Lexi Randall, Margaret Sophie Stein, Jon Devries, Christopher Bell. "Sarah Plain and Tall: Winter's End:" Glenn Close, Christopher Walken, George Hearn, Lexi Randall, Christopher Bell, Emily Osment, Jack Palance.
520 0# - SUMMARY, ETC.
Summary, etc "Sarah, Plain and Tall:" A mail-order bride from Maine travels to Kansas in 1910 to join a widower, John Witting, and his two children. "Skylark:" The Witting family is tested first by drought and then by separation, as Sarah and the children are forced to leave their Kansas farm to join Sarah's aunts in Maine while Jacob remains behind to try to save their livelihood. "Sarah Plain and Tall: Winter's End:" Having abandoned his family decades ago, Jacob's father John returns to the farm to try to mend his relationship with his son.
521 ## - TARGET AUDIENCE NOTE
Target audience note Not rated.
538 ## - SYSTEM DETAILS NOTE
System details note DVD; region 1; 2.0 Dolby surround.
650 #0 - SUBJECT ADDED ENTRY--TOPICAL TERM
Topical term or geographic name as entry element Feature films.
9 (RLIN) 5913338
650 #0 - SUBJECT ADDED ENTRY--TOPICAL TERM
Topical term or geographic name as entry element Made-for-TV movies.
9 (RLIN) 99448
650 #0 - SUBJECT ADDED ENTRY--TOPICAL TERM
Topical term or geographic name as entry element Stepfamilies
Form subdivision Drama.
9 (RLIN) 5692311
650 #0 - SUBJECT ADDED ENTRY--TOPICAL TERM
Topical term or geographic name as entry element Mail order brides
Form subdivision Drama.
9 (RLIN) 5913339
650 #0 - SUBJECT ADDED ENTRY--TOPICAL TERM
Topical term or geographic name as entry element Frontier and pioneer life
Form subdivision Drama.
9 (RLIN) 5718638
650 #0 - SUBJECT ADDED ENTRY--TOPICAL TERM
Topical term or geographic name as entry element Video recordings for the hearing impaired.
9 (RLIN) 5913340
650 #7 - SUBJECT ADDED ENTRY--TOPICAL TERM
Topical term or geographic name as entry element Feature films.
Source of heading or term fast
-- (OCoLC)fst00922105
9 (RLIN) 5913338
650 #7 - SUBJECT ADDED ENTRY--TOPICAL TERM
Topical term or geographic name as entry element Frontier and pioneer life.
Source of heading or term fast
-- (OCoLC)fst00935370
9 (RLIN) 5913341
650 #7 - SUBJECT ADDED ENTRY--TOPICAL TERM
Topical term or geographic name as entry element Made-for-TV movies.
Source of heading or term fast
-- (OCoLC)fst01005331
9 (RLIN) 99448
650 #7 - SUBJECT ADDED ENTRY--TOPICAL TERM
Topical term or geographic name as entry element Mail order brides.
Source of heading or term fast
-- (OCoLC)fst01006065
9 (RLIN) 5913342
650 #7 - SUBJECT ADDED ENTRY--TOPICAL TERM
Topical term or geographic name as entry element Stepfamilies.
Source of heading or term fast
-- (OCoLC)fst01133080
9 (RLIN) 5913343
650 #7 - SUBJECT ADDED ENTRY--TOPICAL TERM
Topical term or geographic name as entry element Video recordings for the hearing impaired.
Source of heading or term fast
-- (OCoLC)fst01166513
9 (RLIN) 5913340
655 #7 - INDEX TERM--GENRE/FORM
Genre/form data or focus term Drama.
Source of term fast
-- (OCoLC)fst01423879
9 (RLIN) 5673873
700 1# - ADDED ENTRY--PERSONAL NAME
Personal name Close, Glenn,
Dates associated with a name 1947-
9 (RLIN) 30598
700 1# - ADDED ENTRY--PERSONAL NAME
Personal name Walken, Christopher,
Dates associated with a name 1943-
9 (RLIN) 31142
700 1# - ADDED ENTRY--PERSONAL NAME
Personal name Randall, Lexi.
9 (RLIN) 60305
700 1# - ADDED ENTRY--PERSONAL NAME
Personal name Stein, Margaret Sophie.
9 (RLIN) 5913344
700 1# - ADDED ENTRY--PERSONAL NAME
Personal name Devries, Jon.
9 (RLIN) 5913345
700 1# - ADDED ENTRY--PERSONAL NAME
Personal name Bell, Christopher.
9 (RLIN) 5913346
700 1# - ADDED ENTRY--PERSONAL NAME
Personal name Hearn, George.
9 (RLIN) 21179
700 1# - ADDED ENTRY--PERSONAL NAME
Personal name Osment, Emily.
9 (RLIN) 67091
700 1# - ADDED ENTRY--PERSONAL NAME
Personal name Palance, Jack,
Dates associated with a name 1919-2006.
9 (RLIN) 23226
700 1# - ADDED ENTRY--PERSONAL NAME
Personal name MacLachlan, Patricia.
9 (RLIN) 5370
710 2# - ADDED ENTRY--CORPORATE NAME
Corporate name or jurisdiction name as entry element Hallmark Hall of Fame Productions, Inc.
9 (RLIN) 65419
740 0# - ADDED ENTRY--UNCONTROLLED RELATED/ANALYTICAL TITLE
Uncontrolled related/analytical title Sarah, plain and tall.
740 0# - ADDED ENTRY--UNCONTROLLED RELATED/ANALYTICAL TITLE
Uncontrolled related/analytical title Skylark.
740 0# - ADDED ENTRY--UNCONTROLLED RELATED/ANALYTICAL TITLE
Uncontrolled related/analytical title Winter's end.
942 ## - ADDED ENTRY ELEMENTS (KOHA)
Koha item type DVD
948 ## - LOCAL PROCESSING INFORMATION (OCLC); SERIES PART DESIGNATOR (RLIN)
Series part designator, SPT (RLIN) 06/20/2016
z (OCLC) Sirsi
994 ## -
-- C0
-- WACOL
996 ## -
-- 131734
-- 34301001477530
-- DVD
-- DVD
-- wcl
-- i
-- 24
-- 39.95
-- .CIRCNOTE. 3 discs
-- amazon
-- Sar
-- 06/20/2016
-- 01/31/2020
-- 01/24/2020
Holdings
Withdrawn status Lost status Source of classification or shelving scheme Materials specified (bound volume or other part) Damaged status Not for loan Collection code Home library Current library Shelving location Date acquired Source of acquisition Cost, normal purchase price Total Checkouts Total Renewals Full call number Barcode Date last seen Date checked out Cost, replacement price Price effective from Koha item type
    Dewey Decimal Classification .CIRCNOTE. 3 discs     Movies Wasatch County Library Wasatch County Library Audio Visual Area 06/20/2016 Amazon 39.95 34 20 DVD Sar 34301001477530 06/17/2024 05/06/2024 39.95 03/20/2020 DVD
This project was made possible through a grant from the Institute of Museum and Library Service administered by the Utah State Library Division.

Wasatch County Library

  • 465 East 1200 South, Heber City, Utah 84032
  • Phone 435-654-1511 | Fax 435-654-6456

Hours

  • Monday - Friday 9:30 AM - 8:00 PM
  • Saturday 9:30 AM - 1:30 PM
  • Closed Sundays and Holidays